000 00486nam a2200181Ia 4500
008 210210b1993 xxu||||| |||| 00| 0 eng d
041 _aeng
082 _a030 GREA
100 _aGreat Books
245 _aGreat books of western world.60V. V 34-Swift Voltaire Diderot.
250 _a
260 _aChicago.
_bEncyclopaedia Britanica, Inc, William Benton.,
_c1993
300 _a303
440 _a34
650 _aSwift Voltaire Diderot
690 _aEncyclopaedia
906 _a049173
999 _c98373
_d98373